My top songs of 2024 - Statistics

General Stats
  • This quiz has been taken 4 times
  • The average score is 1 of 100
Answer Stats
Answer % Correct
Espresso
100%
Cheerleader
33%
9 to 5
0%
Accidentally In Love
0%
Alles Op Gevoel
0%
Angel
0%
Angel Of The Morning
0%
Ayo Technology
0%
Be My Baby
0%
Best Of Both Worlds
0%
Big Yellow Taxi
0%
Blueberry Faygo
0%
Bubbly
0%
Call Me Maybe
0%
Can't Feel My Face
0%
Classic
0%
Cold
0%
Come On Eileen
0%
Cooler Than Me - Single Mix
0%
Counting Stars
0%
Dancing in the Moonlight
0%
Don't Stop Believin'
0%
Don't Stop Me Now - Remastered 2011
0%
Don't Worry
0%
Drive By
0%
Fairground
0%
Faith - Remastered
0%
Got My Mind Set On You
0%
Grace Kelly
0%
Help!
0%
Help! - Remastered 2009
0%
Hey Jude
0%
Hey, Soul Sister
0%
Homecoming
0%
Hot N Cold
0%
Houdini
0%
How Deep Is Your Love - Acoustic
0%
How Do You Do!
0%
How To Save A Life
0%
I Feel It Coming
0%
I'll Be There For You
0%
I'm A Believer
0%
I'm Still Standing
0%
Jij Bent Zo
0%
Keep On Movin'
0%
Kings & Queens
0%
Lean on Me - Remastered
0%
Lil Boo Thang
0%
Livin' On A Prayer
0%
Love Really Hurts Without You
0%
Love song
0%
Love Yourself
0%
Mi Rowsu (Tuintje In Mijn Hart)
0%
More Than A Feeling
0%
Multicolor
0%
My Destiny
0%
No Surrender
0%
Only The Good Die Young
0%
Over My Shoulder
0%
Payphone
0%
Pompeii
0%
Rain
0%
Rather Be
0%
Ride Wit Me
0%
Rude
0%
September
0%
Shut Up And Dance
0%
Slow Hands
0%
Sofia
0%
Stitches
0%
Stuck With You
0%
Sunshine
0%
Tell Her About It
0%
There's Nothing Holdin' Me Back
0%
The Riddle
0%
The River Of Dreams
0%
These Days
0%
The Things We Do For Love
0%
The Way To Your Heart
0%
This Love
0%
To Be With You
0%
Took A Hit
0%
Torn
0%
Two Hearts
0%
Two Princes
0%
Unwritten
0%
Uptown Girl
0%
Vluchtstrook
0%
Wake Me Up Before You Go-Go
0%
Walk Of Life
0%
We Didn't Start The Fire
0%
We'll Be Alright
0%
What A Man Gotta Do
0%
When You're Gone
0%
Working My Way Back To You
0%
You Can't Hurry Love - 2016 Remaster
0%
You Don't Know
0%
You Get What You Give
0%
You Make My Dreams (Come True)
0%
You're Only Human (Second Wind)
0%
No matching quizzes found
Score Distribution
Percent of People with Each Score
Percentile by Number Answered
Your Score History
You have not taken this quiz